[Event "NZL-ch Seniors"]
[Site "Auckland"]
[Date "2020.11.28"]
[Round "4"]
[White "Lourenco, Eva"]
[Black "Cramp, Murray"]
[Result "1-0"]
[WhiteElo "1350"]
[BlackElo "980"]
[PlyCount "85"]
[EventDate "2020.11.26"]
[EventType "swiss"]
[EventRounds "6"]
[EventCountry "NZL"]
[SourceTitle "EXT 2024"]
[Source "ChessBase"]
[SourceDate "2023.10.10"]
[SourceVersion "1"]
[SourceVersionDate "2023.10.10"]
[SourceQuality "1"]

1. d4 Nf6 2. e3 d5 3. f4 e6 4. Nf3 c5 5. c3 Qa5 6. Be2 c4 7. 0-0 Bd7 8. Nbd2 Ba4 9. Qe1 Bc2 10. Ne5 Be7 11. Bf3 0-0 12. e4 Nc6 13. Nxc6 bxc6 14. e5 Bd3 15. Be2 Ne4 16. Bxd3 Nxd2 17. Qxd2 cxd3 18. Qxd3 f6 19. Rf3 f5 20. Qc2 c5 21. dxc5 Qxc5+ 22. Be3 Qc6 23. Bd4 Bc5 24. Rc1 Bb6 25. a3 Rac8 26. Qf2 Rf7 27. c4 Bxd4 28. Qxd4 Qc5 29. Rd3 Qxd4+ 30. Rxd4 Rfc7 31. Kf2 Ra8 32. Ke3 a6 33. Kd3 g6 34. Rc2 Kf8 35. cxd5 Rd7 36. d6 Ke8 37. Rdc4 Kd8 38. Kd4 Ke8 39. Rc8+ Rd8 40. Rxa8 Rxa8 41. Rc7 h5 42. Rh7 Kf8 43. Rh8+ 1-0